000 00657nam a2200301Ia 4500
005 20260401122300.0
008 008 250103s9999 xx 000 0 eng d
020 _a8177551345
037 _aTB
040 _aEDL
040 _beng
040 _cEDL
041 _2eng
041 _aeng
084 _a891.443 DEY
084 _qEDL
100 _aDey, Lal Behari
_91233120
245 0 _aFolk Tales of Bengal
245 0 _cDey, Lal Behari
260 _aNew Delhi
260 _bCosmo Publications
260 _c2001
300 _a284p
942 _cTB
942 _h891.443 DEY
999 _c1846214
_d1846214